000 00671nam a22002057a 4500
003 OSt
005 20240531083319.0
008 240531b |||||||| |||| 00| 0 eng d
020 _a9786214360024
040 _aDWC- Main Lib.
_cOC
082 _aFil. 941.25 G156l 2019
100 _aGalicia De Mesa, Reynold
245 _aThe life and works of Jose Rizal /
_cReynold Galicia De Mesa.
250 _aSecond edition
260 _aMandaluyong, Philippines:
_bAzes Publishing,
_cc2019.
300 _axx , 428 pages :
_billustrations ;
_c25cm.
504 _aIncludes bibliographical references.
650 _a1. Rizal, Jose- Biography.
942 _2ddc
_cBK - FIL
_eSecond edition.
_n1
999 _c78
_d78